<?xml version="1.0" encoding="UTF-8"?>
<record
    xmlns:xsi="http://www.w3.org/2001/XMLSchema-instance"
    xsi:schemaLocation="http://www.loc.gov/MARC21/slim http://www.loc.gov/standards/marcxml/schema/MARC21slim.xsd"
    xmlns="http://www.loc.gov/MARC21/slim">

  <leader>01881cam a22003495a 4500</leader>
  <controlfield tag="001">14398526</controlfield>
  <controlfield tag="005">20150816131104.0</controlfield>
  <controlfield tag="008">060602s2007    uk fab frb    001 0 eng</controlfield>
  <datafield tag="010" ind1=" " ind2=" ">
    <subfield code="a">1844673138</subfield>
  </datafield>
  <datafield tag="020" ind1=" " ind2=" ">
    <subfield code="a">9781844673131</subfield>
  </datafield>
  <datafield tag="040" ind1=" " ind2=" ">
    <subfield code="a">DLC</subfield>
    <subfield code="b">eng</subfield>
    <subfield code="c">DLC</subfield>
    <subfield code="d">EG-ScBUE</subfield>
  </datafield>
  <datafield tag="043" ind1=" " ind2=" ">
    <subfield code="a">a-su---</subfield>
    <subfield code="a">n-us---</subfield>
  </datafield>
  <datafield tag="050" ind1="0" ind2="0">
    <subfield code="a">HD9576.S334</subfield>
    <subfield code="b">A738 2007</subfield>
  </datafield>
  <datafield tag="082" ind1="0" ind2="4">
    <subfield code="a">338.7665509538 </subfield>
    <subfield code="b">VIT</subfield>
    <subfield code="2">22</subfield>
  </datafield>
  <datafield tag="100" ind1="1" ind2=" ">
    <subfield code="a">Vitalis, Robert</subfield>
    <subfield code="d">1955-</subfield>
    <subfield code="9">8804</subfield>
  </datafield>
  <datafield tag="245" ind1="1" ind2="0">
    <subfield code="a">America's Kingdom :</subfield>
    <subfield code="b">Mythmaking on the Saudi oil Frontier /</subfield>
    <subfield code="c">Robert Vitalis.</subfield>
  </datafield>
  <datafield tag="260" ind1=" " ind2=" ">
    <subfield code="a">London:</subfield>
    <subfield code="b">Verso,</subfield>
    <subfield code="c">c. 2009.</subfield>
  </datafield>
  <datafield tag="300" ind1=" " ind2=" ">
    <subfield code="a">xxiiii, 353 p.:</subfield>
    <subfield code="b">ill., map;</subfield>
    <subfield code="c">24 cm.</subfield>
  </datafield>
  <datafield tag="500" ind1=" " ind2=" ">
    <subfield code="a"> Index : p. 339-353. </subfield>
  </datafield>
  <datafield tag="504" ind1=" " ind2=" ">
    <subfield code="a">Includes bibliographical references: p. 329-338.</subfield>
  </datafield>
  <datafield tag="505" ind1="0" ind2=" ">
    <subfield code="a">Foreword -- Cast of characters -- Captive narratives: a brief and unexceptional introduction to the history of firms and states -- Part 1. The nearest faraway place -- Arabian frontiers -- American camp -- The wizards of Dhahran -- Part 2. Desire's empty quarter -- Ayyam al-Kadalak (days of the Cadillac) -- Eye of the desert -- El jefe rojo -- America's kingdom -- Afterword -- Acknowledgments -- Notes -- Bibliography -- Index.</subfield>
  </datafield>
  <datafield tag="590" ind1=" " ind2=" ">
    <subfield code="a">menna elemam</subfield>
  </datafield>
  <datafield tag="610" ind1="2" ind2="0">
    <subfield code="a">Arabian American Oil Company--</subfield>
    <subfield code="x">History.</subfield>
    <subfield code="9">8805</subfield>
  </datafield>
  <datafield tag="610" ind1="2" ind2="0">
    <subfield code="a">Saudi Aramco--</subfield>
    <subfield code="x">History.</subfield>
    <subfield code="9">8806</subfield>
  </datafield>
  <datafield tag="650" ind1=" " ind2="0">
    <subfield code="a">Petroleum industry and trade--</subfield>
    <subfield code="z">Saudi Arabia--</subfield>
    <subfield code="x">History.</subfield>
    <subfield code="9">8807</subfield>
    <subfield code="2">BUEsh</subfield>
  </datafield>
  <datafield tag="651" ind1=" " ind2="0">
    <subfield code="a">United States--</subfield>
    <subfield code="x">Foreign relations--</subfield>
    <subfield code="z">Saudi Arabia.</subfield>
    <subfield code="9">8808</subfield>
    <subfield code="2">BUEsh</subfield>
  </datafield>
  <datafield tag="651" ind1=" " ind2="0">
    <subfield code="a">Saudi Arabia--</subfield>
    <subfield code="x">Foreign relations--</subfield>
    <subfield code="z">United States.</subfield>
    <subfield code="9">8809</subfield>
    <subfield code="2">BUEsh</subfield>
  </datafield>
  <datafield tag="653" ind1=" " ind2=" ">
    <subfield code="b">BUSBOL</subfield>
    <subfield code="c">August2015</subfield>
  </datafield>
  <datafield tag="856" ind1="4" ind2="1">
    <subfield code="3">Table of contents only</subfield>
    <subfield code="u">http://www.loc.gov/catdir/toc/ecip0615/2006018541.html</subfield>
  </datafield>
  <datafield tag="942" ind1=" " ind2=" ">
    <subfield code="2">ddc</subfield>
    <subfield code="k">338.7665509538 VIT </subfield>
    <subfield code="c">NB</subfield>
  </datafield>
  <datafield tag="999" ind1=" " ind2=" ">
    <subfield code="c">12785</subfield>
    <subfield code="d">12785</subfield>
  </datafield>
  <datafield tag="952" ind1=" " ind2=" ">
    <subfield code="0">0</subfield>
    <subfield code="1">0</subfield>
    <subfield code="2">ddc</subfield>
    <subfield code="4">0</subfield>
    <subfield code="7">0</subfield>
    <subfield code="8">Baccah</subfield>
    <subfield code="a">MAIN</subfield>
    <subfield code="b">MAIN</subfield>
    <subfield code="c">1ST</subfield>
    <subfield code="d">2009-10-13</subfield>
    <subfield code="e">purchase</subfield>
    <subfield code="l">1</subfield>
    <subfield code="o">338.7665509 VIT</subfield>
    <subfield code="p">000018303</subfield>
    <subfield code="r">2025-07-15 00:00:00</subfield>
    <subfield code="s">2013-11-24</subfield>
    <subfield code="y">NB</subfield>
  </datafield>
</record>
